Southville International School and Colleges
Your cart is empty.
  • Cart
  • Lists
    Public lists Eva Luna New books Lux_list list_1
    Your lists Log in to create your own lists
  • Log in to your account
  • Your cookies
  • Search history
Southville International School and Colleges
  • Advanced search
  • Recent comments
  • Most popular
  • Libraries

Log in to your account

Log in with GOOGLE


If you do not have an external account, but do have a local account, you can still log in:

  1. Home
  2. MARC view: Schizophrenia and related syndromes /
Normal view MARC view ISBD view

Schizophrenia and related syndromes / (Record no. 117555)

[ view plain ]
MARC details
000 -LEADER
fixed length control field 00507nam a2200181Ia 4500
008 - FIXED-LENGTH DATA ELEMENTS--GENERAL INFORMATION
fixed length control field 140529s9999 xx 000 0 und d
020 ## - INTERNATIONAL STANDARD BOOK NUMBER
International Standard Book Number 9781583919293
050 ## - LIBRARY OF CONGRESS CALL NUMBER
Classification number RC 514
Item number .M394 2007
100 ## - MAIN ENTRY--PERSONAL NAME
Personal name McKenna, P. J.
245 ## - TITLE STATEMENT
Title Schizophrenia and related syndromes /
Statement of responsibility, etc P.J. McKenna
250 ## - EDITION STATEMENT
Edition statement 2nd ed.
260 ## - PUBLICATION, DISTRIBUTION, ETC. (IMPRINT)
Place of publication, distribution, etc London :
Name of publisher, distributor, etc Routledge,
Date of publication, distribution, etc c2007.
300 ## - PHYSICAL DESCRIPTION
Extent 521 p. ;
Dimensions 24 cm.
500 ## - GENERAL NOTE
General note Includes bibliographical references and index.
521 ## - TARGET AUDIENCE NOTE
Target audience note
942 ## - ADDED ENTRY ELEMENTS (KOHA)
Call number prefix Foreign
Koha item type Books
Holdings
Withdrawn status Lost status Damaged status Home library Current library Shelving location Date acquired Cost, normal purchase price Total Checkouts Total Renewals Full call number Barcode Date last seen Date checked out Price effective from Koha item type
      College Library College Library General Circulation Section 05/30/2014 3706.00 1 5 RC 514 .M394 2007 C18163 05/15/2018 09/01/2015 05/30/2014 Books

Schizophrenia and related syndromes /

APA

McKenna P. J., . (2007). Schizophrenia and related syndromes. London: Routledge.

Chicago

McKenna P J, . 2007. Schizophrenia and related syndromes. London: Routledge.

Harvard

McKenna P. J., . (2007). Schizophrenia and related syndromes. London: Routledge.

MLA

McKenna P J, . Schizophrenia and related syndromes. London: Routledge. 2007.

  • Place hold
  • Print
  • Cite
  • Add to your cart (remove)
  • Save record
    BIBTEX Dublin Core MARCXML MARC (non-Unicode/MARC-8) MARC (Unicode/UTF-8) MARC (Unicode/UTF-8, Standard) MODS (XML) RIS
  • More searches
    Search for this title in:
    Other Libraries (WorldCat) Other Databases (Google Scholar) Online Stores (Bookfinder.com) Open Library (openlibrary.org)

Exporting to Dublin Core...

SOUTHVILLE LIBRARY

Southville International School and Colleges Library

1281 Tropical Ave. Cor. Luxembourg St., BF Homes International, Las Pinas City

Tel. No. 8256374 / 252358 Loc. 117/146

Powered by Koha